000 00318nam a2200109Ia 4500
008 171211s9999 xx 000 0 und d
245 _aDragons Touch: Weaknesses of the Human Anatomy
245 _cMaster Hei Long
260 _c1983
650 _xMartial Arts
856 _uhttp://down.ebook777.com/053/9780873642712.pdf
999 _c348254
_d348254